000 00445nam a2200169Ia 4500
003 GCL
008 140319s9999 xx 000 0 eng d
040 _aGCL /
_cGCL
082 0 4 _aCH
_b028.5
_bB D
100 1 _aBILSTEIN, JACQUES THOMAS VALERIANE
245 1 0 _aDANS LA JUNGLE /
_cBILSTEIN, JACQUES THOMAS VALERIANE
260 _a[S.N] :
_bHEMMA
650 0 4 _aREADING
650 0 4 _aREGO, PAUL
650 0 4 _aFRENCH LITERATURE
942 _2ddc
_cBK
999 _c14533
_d14533